| 000 | 00619nam a2200229 a 4500 | ||
|---|---|---|---|
| 001 | BRCA_6566 | ||
| 005 | 20190320205515.0 | ||
| 008 | 300911s1922----gw-#######---#000-0#ger-# | ||
| 041 | _ager | ||
| 044 | _agw | ||
| 050 | 4 |
_aTK148 _b.G85 1922 |
|
| 100 | 1 |
_aGünther, Hanns _916380 |
|
| 245 | 1 | 0 |
_aElektrotechnik für alle _cHanns Gunther. |
| 260 |
_aStuttgart, Alemania _bF. Technischer _c1922 |
||
| 300 |
_avi, 337 p. _bil. |
||
| 500 | _aIncluye índice alfabético | ||
| 500 | _aIncluye L108 | ||
| 504 | _aBibliografía: p. 338-339 | ||
| 650 | 1 | 4 |
_aIngeniería eléctrica _916381 |
| 902 | _aGFM | ||
| 942 |
_2lcc _cB |
||
| 999 |
_c6250 _d6250 |
||